000 00572nam a2200157Ia 4500
008 100122s9999 xx 000 0 und d
082 _b75610
_a658
100 _aजाखोटिया गिरीश प
245 _aयशस्वी उद्योगाचे छत्तीस मंत्र
250 _a4
260 _c2008
300 _a146
630 _aयशस्वी उद्योगाचे छत्तीस मंत्र
730 _aयशस्वी उद्योगाचे छत्तीस मंत्र
942 _cBOOK
999 _c391789
_d391786